Big Data: análisis de grandes volúmenes de datos en organizaciones (Registro nro. 11512)
[ vista simple ]
| 000 -CABECERA | |
|---|---|
| campo de control de longitud fija | 01545nam a22005177a 4500 |
| 005 - FECHA Y HORA DE ACTUALIZACIÓN | |
| campo de control | 20190111121251.0 |
| 008 - LONGITUD FIJA | |
| campo de control de longitud fija | 190111b xxu||||| |||| 00| 0 spa d |
| 020 ## - INTERNATIONAL STANDARD BOOK NUMBER | |
| Número Internacional Estándar del Libro | 9786077076896 |
| 041 ## - IDIOMA | |
| Código de idioma del texto/pista de sonido o título separado | |
| 082 ## - CLASIFICACIÓN DECIMAL DEWEY | |
| Número de clasificación | 005.74 J88b |
| 100 ## - AUTOR PERSONAL | |
| Nombre de persona | Joyanes Aguilar, Luis |
| 245 ## - TÍTULO PROPIAMENTE DICHO | |
| Título | Big Data: análisis de grandes volúmenes de datos en organizaciones |
| 260 ## - PIE DE IMPRENTA | |
| Lugar de publicación, distribución, etc. | México |
| 260 ## - PIE DE IMPRENTA | |
| Nombre del editor, distribuidor, etc. | Alfaomega |
| 260 ## - PIE DE IMPRENTA | |
| Fecha de publicación, distribución, etc. | 2013 |
| 300 ## - DESCRIPCIÓN FÍSICA | |
| Extensión | 428 páginas |
| 650 ## - Materia General | |
| Materia general | PROGRAMACIÓN |
| 650 ## - Materia General | |
| Materia general | ARCHIVOS DE DATOS |
| 650 ## - Materia General | |
| Materia general | BASES DE DATOS |
| 650 ## - Materia General | |
| Materia general | ANÁLISIS DE DATOS |
| 650 ## - Materia General | |
| Materia general | BIG DATA |
| 650 ## - Materia General | |
| Materia general | WEB |
| 650 ## - Materia General | |
| Materia general | REDES SOCIALES |
| 650 ## - Materia General | |
| Materia general | TRÁFICO DE DATOS |
| 650 ## - Materia General | |
| Materia general | OPEN DATA |
| 650 ## - Materia General | |
| Materia general | EMPRESAS |
| 650 ## - Materia General | |
| Materia general | GESTIÓN DE LA INFORMACIÓN |
| 650 ## - Materia General | |
| Materia general | MINERÍA DE DATOS |
| 650 ## - Materia General | |
| Materia general | VISUALIZACIÓN DE DATOS |
| 650 ## - Materia General | |
| Materia general | SEGURIDAD |
| 650 ## - Materia General | |
| Materia general | PRIVACIDAD |
| 650 ## - Materia General | |
| Materia general | INFRAESTRUCTURA BIG DATA |
| 650 ## - Materia General | |
| Materia general | COMPUTACIÓN EN LA NUBE |
| 650 ## - Materia General | |
| Materia general | INTERNET |
| 650 ## - Materia General | |
| Materia general | SOCIAL MEDIA |
| 650 ## - Materia General | |
| Materia general | GEOLOCALIZACIÓN |
| 650 ## - Materia General | |
| Materia general | PLATAFORMAS MÓVILES |
| 650 ## - Materia General | |
| Materia general | ALMACENES DE DATOS |
| 650 ## - Materia General | |
| Materia general | METADATOS |
| 650 ## - Materia General | |
| Materia general | BASES DE DATOS ANALÍTICAS |
| 650 ## - Materia General | |
| Materia general | NOSQL |
| 650 ## - Materia General | |
| Materia general | HADOOP |
| 650 ## - Materia General | |
| Materia general | TECNOLOGÍAS DE LA INFORMACIÓN |
| 650 ## - Materia General | |
| Materia general | TECNOLOGÍAS SOCIALES |
| 942 ## - Punto de Acceso Adicional Koha | |
| Tipo de ítem Koha | Libro |
| Estado perdido | Estado dañado | No para préstamo | Biblioteca permanente | Biblioteca actual | Signatura completa | Código de barras | Precio efectivo a partir del | Tipo de ítem |
|---|---|---|---|---|---|---|---|---|
| Departamento de Biblioteca y Documentación Alfonso Chase Brenes | Departamento de Biblioteca y Documentación Alfonso Chase Brenes | 005.74 J88b | 23864 | 11/01/2019 | Libro |